Introducción a la bioquímica y tecnología de los alimentos

Furkejuvvon:
Bibliográfalaš dieđut
Váldodahkkit: Cheftel, Jean-Claude (Dahkki), Cheftel, Henri (Dahkki)
Materiálatiipa: Girji
Giella:espánnjágiella
Almmustuhtton: Zaragoza, España Acribia 1980
Fáttát:
Liŋkkat:Disponible Online - vol. 1
Disponible Online - vol. 2
Fáddágilkorat: Lasit fáddágilkoriid
Eai fáddágilkorat, Lasit vuosttaš fáddágilkora!

MARC

LEADER 00000nam a2200000 a 4500
001 UCV3691
003 CL-VaPUC
005 20230816111610.0
008 910327e19800000SP |||||||||||||||||spa|d
999 |c 210833  |d 210831 
020 |a 8420004448v.1 
020 |a 8420005126v.2 
040 |c Pontificia Universidad Católica de Valparaíso 
082 0 4 |a 664.002 CHE 1980  |2 21 
100 0 |a Cheftel, Jean-Claude  |e author  |9 297985 
245 1 0 |a Introducción a la bioquímica y tecnología de los alimentos 
260 |a Zaragoza, España   |b Acribia  |c 1980 
300 |a 2 volúmenes  
583 |a last modification  |c 20180102 06:15:52  |k Rodrigo Vera 
650 0 |a Alimentos  |x Análisis   |9 256203 
650 0 |a Bioquímica   |9 259492 
650 0 |a Industrias alimenticias  |2 CL-VaPUC  |9 858339 
650 0 |a Medidas sanitarias   |2 CL-VaPUC  |9 259552 
700 0 |a Cheftel, Henri  |e author  |9 297986 
856 |u http://bibliografiadigital.pucv.cl.pucv.idm.oclc.org/index.php/bibliotecapucv/catalog/book/436  |y Disponible Online - vol. 1 
856 |u http://bibliografiadigital.pucv.cl.pucv.idm.oclc.org/index.php/bibliotecapucv/catalog/book/447  |y Disponible Online - vol. 2 
942 |c BK  |2 ddc 
945 |d 19910327 00:00:00  |a mfernand 
952 |0 0  |1 0  |4 0  |6 664_002000000000000_CHE_1980  |7 0  |8 A  |9 187707  |a BIBING  |b BIBING  |d 2019-11-14  |h v.1  |i 2552787  |o 664.002 CHE 1980  |p 2552787  |r 2025-01-20  |w 2019-11-14  |y BK  |k EIB 
952 |0 0  |1 0  |4 0  |6 664_002000000000000_CHE_1980  |7 0  |8 A  |9 187708  |a BIBING  |b BIBING  |d 2019-11-14  |h v.2  |i 2552795  |o 664.002 CHE 1980  |p 2552795  |r 2025-01-20  |w 2019-11-14  |y BK  |k EIB 
952 |0 0  |1 0  |4 0  |6 664_002000000000000_CHE_1980  |7 0  |8 A  |9 187709  |a BIBALI  |b BIBALI  |c RES  |d 2019-11-14  |h v.1  |i 2552825  |o 664.002 CHE 1980  |p 2552825  |r 2025-01-20  |w 2019-11-14  |y BK_R  |k ALI 
952 |0 0  |1 0  |4 0  |6 664_002000000000000_CHE_1980  |7 0  |8 A  |9 187718  |a BIBING  |b BIBING  |d 2019-11-14  |h v.1  |i 3145638  |o 664.002 CHE 1980  |p 3145638  |r 2025-01-20  |w 2019-11-14  |y BK  |k EIB 
952 |0 0  |1 0  |4 0  |6 664_002000000000000_CHE_1980  |7 0  |8 A  |9 187719  |a BIBING  |b BIBING  |d 2019-11-14  |h v.2  |i 3145646  |o 664.002 CHE 1980  |p 3145646  |r 2025-01-20  |w 2019-11-14  |y BK  |k EIB 
952 |0 0  |1 0  |4 0  |6 664_002000000000000_CHE_1980  |7 0  |8 A  |9 187720  |a BIBALI  |b BIBALI  |c RES  |d 2019-11-14  |h v.1  |i 3260550  |o 664.002 CHE 1980  |p 3260550  |r 2025-01-20  |w 2019-11-14  |y BK_R  |k ALI 
952 |0 0  |1 0  |4 0  |6 664_002000000000000_CHE_1980  |7 0  |8 A  |9 187721  |a BIBALI  |b BIBALI  |c RES  |d 2019-11-14  |h v.2  |i 3260569  |o 664.002 CHE 1980  |p 3260569  |r 2025-01-20  |w 2019-11-14  |y BK_R  |k ALI 
952 |0 0  |1 0  |4 0  |6 664_002000000000000_CHE_1980  |7 0  |8 A  |9 187722  |a BIBING  |b BIBING  |d 2019-11-14  |i 3343626  |o 664.002 CHE 1980  |p 3343626  |r 2025-01-20  |w 2019-11-14  |y BK  |k CIB 
952 |0 0  |1 0  |4 0  |6 664_002000000000000_CHE_1980  |7 0  |8 A  |9 187723  |a BIBING  |b BIBING  |d 2019-11-14  |h v.1  |i 2552809  |l 2  |o 664.002 CHE 1980  |p 2552809  |r 2025-01-20  |s 2022-08-19  |w 2019-11-14  |y BK  |k EIB 
952 |0 0  |1 0  |4 0  |6 664_002000000000000_CHE_1980  |7 0  |8 A  |9 187724  |a BIBING  |b BIBING  |d 2019-11-14  |h v.2  |i 2552817  |o 664.002 CHE 1980  |p 2552817  |r 2025-01-20  |w 2019-11-14  |y BK  |k EIB 
952 |0 0  |1 0  |4 0  |6 664_002000000000000_CHE_1980  |7 0  |8 A  |9 187729  |a BIBAGR  |b BIBAGR  |d 2019-11-14  |h v.2  |i 3234525  |o 664.002 CHE 1980  |p 3234525  |r 2025-01-20  |w 2019-11-14  |y BK  |k AGR 
952 |0 0  |1 0  |4 0  |6 664_002000000000000_CHE_1980  |7 0  |8 A  |9 187731  |a BIBING  |b BIBING  |d 2019-11-14  |h v.1  |i 333211K  |o 664.002 CHE 1980  |p 333211K  |r 2025-01-20  |w 2019-11-14  |y BK  |k EIB 
952 |0 0  |1 0  |4 0  |6 664_002000000000000_CHE_1980  |7 0  |8 A  |9 187732  |a BIBING  |b BIBING  |d 2019-11-14  |h v.2  |i 3332128  |o 664.002 CHE 1980  |p 3332128  |r 2025-01-20  |w 2019-11-14  |y BK  |k EIB 
952 |0 0  |1 0  |4 0  |6 664_002000000000000_CHE_1980  |7 0  |8 A  |9 187733  |a BIBING  |b BIBING  |d 2019-11-14  |h v.2  |i 3332136  |o 664.002 CHE 1980  |p 3332136  |r 2025-01-20  |w 2019-11-14  |y BK  |k EIB 
952 |0 0  |1 0  |4 0  |6 664_002000000000000_CHE_1980  |7 0  |8 A  |9 187735  |a BIBAGR  |b BIBAGR  |d 2019-11-14  |h v.1  |i 3517063  |o 664.002 CHE 1980  |p 3517063  |r 2025-01-20  |w 2019-11-14  |y BK  |k AGR 
952 |0 0  |1 0  |4 0  |6 664_002000000000000_CHE_1980  |7 0  |8 A  |9 187745  |a BIBING  |b BIBING  |d 2019-11-14  |i 3346706  |o 664.002 CHE 1980  |p 3346706  |r 2025-01-20  |w 2019-11-14  |y BK  |k CIB 
952 |0 0  |1 0  |4 0  |6 664_002000000000000_CHE_1980  |7 0  |8 A  |9 187746  |a BIBING  |b BIBING  |d 2019-11-14  |i 3346714  |o 664.002 CHE 1980  |p 3346714  |r 2025-01-20  |w 2019-11-14  |y BK  |k CIB 
952 |0 0  |1 0  |4 0  |6 664_002000000000000_CHE_1980  |7 0  |8 A  |9 187747  |a BIBING  |b BIBING  |d 2019-11-14  |h v.1  |i 408537K  |o 664.002 CHE 1980  |p 408537K  |r 2025-01-20  |w 2019-11-14  |y BK  |k EIB 
952 |0 0  |1 0  |4 0  |6 664_002000000000000_CHE_1980  |7 0  |8 A  |9 187748  |a BIBING  |b BIBING  |d 2019-11-14  |h v.2  |i 4085388  |o 664.002 CHE 1980  |p 4085388  |r 2025-01-20  |w 2019-11-14  |y BK  |k EIB 
952 |0 0  |1 0  |4 0  |6 664_002000000000000_CHE_1980  |7 0  |8 A  |9 187749  |a BIBING  |b BIBING  |d 2019-11-14  |h v.1  |i 4102207  |o 664.002 CHE 1980  |p 4102207  |r 2025-01-20  |w 2019-11-14  |y BK  |k CIB 
952 |0 0  |1 0  |4 0  |6 664_002000000000000_CHE_1980  |7 0  |8 A  |9 187750  |a BIBING  |b BIBING  |d 2019-11-14  |h v.2  |i 4102215  |o 664.002 CHE 1980  |p 4102215  |r 2025-01-20  |w 2019-11-14  |y BK  |k CIB 
952 |0 0  |1 0  |4 0  |6 664_002000000000000_CHE_1980  |7 0  |8 A  |9 187751  |a BIBING  |b BIBING  |d 2019-11-14  |h v.1  |i 4097025  |l 1  |o 664.002 CHE 1980  |p 4097025  |r 2025-01-20  |s 2022-06-30  |w 2019-11-14  |y BK  |k CIB 
952 |0 0  |1 0  |4 0  |6 664_002000000000000_CHE_1980  |7 0  |8 A  |9 187752  |a BIBING  |b BIBING  |d 2019-11-14  |h v.2  |i 4097033  |o 664.002 CHE 1980  |p 4097033  |r 2025-01-20  |w 2019-11-14  |y BK  |k CIB